Esquisse d'une philosophie de la religion d'apres la psychologie et l'histoire / (Record no. 136220)

MARC details
000 -LEADER
campo de control de longitud fija 00498nam a2200157 4500
001 - NÚMERO DE CONTROL
campo de control 136220
003 - IDENTIFICADOR DE NÚMERO DE CONTROL
campo de control ES-MaACL
005 - FECHA Y HORA DE LA ÚLTIMA TRANSACCIÓN
campo de control 20230906195049.0
007 - CAMPO FIJO DE DESCRIPCIÓN FÍSICA--INFORMACIÓN GENERAL
campo de control de longitud fija t|
008 - DATOS DE LONGITUD FIJA--INFORMACIÓN GENERAL
campo de control de longitud fija 070214s1904 fr r ||||1| fre d
100 1# - ENTRADA PRINCIPAL--NOMBRE DE PERSONA
Nombre de persona Sabatier, Auguste.
9 (RLIN) 101186
245 10 - MENCIÓN DEL TÍTULO
Título Esquisse d'une philosophie de la religion d'apres la psychologie et l'histoire /
Mención de responsabilidad, etc. Auguste Sabatier.
260 ## - PUBLICACIÓN, DISTRIBUCIÓN, ETC.
Lugar de publicación, distribución, etc. Alençon :
Nombre del editor, distribuidor, etc. [s.n.],
Fecha de publicación, distribución, etc. 1904 (
Fabricante Imp. Félix Guy et Cie.)
300 ## - DESCRIPCIÓN FÍSICA
Extensión XVI, 419 p. ;
Dimensiones 23 cm.
852 ## - LOCALIZACIÓN
Ubicación ES-MaACL
Número de control de estantería F-6796
Holdings
Estatus retirado Estado de pérdida Estado de daño No para préstamo Biblioteca de origen Biblioteca actual Ubicación en estantería Fecha de adquisición Fuente de adquisición Total de préstamos Signatura topográfica completa Código de barras Visto por última vez Precio de reemplazo Tipo de ítem Koha
        Biblioteca del Ateneo de Madrid Biblioteca del Ateneo de Madrid Depósito 2 17/01/2008     F-6796 1141770 23/02/2023 23/02/2023 Libro impreso